000 00697nam a22001937a 4500
005 20251108164835.0
008 250721s1992 xx 000 0 ara d
082 1 4 _a813.909611/عبد
100 1 _aالككلي، عبد السلام
245 1 0 _aالزمن الروائي :
_bجدلية الماضي و الحاضر عند جمال الغيطاني من خلال الزيني بركات و كتاب التجليات /
264 1 _aالقاهرة :
_bمكتبة مدبولي،
_c1992.
300 _a204ص
650 1 7 _aالقصص العربية
650 1 7 _aالتاريخ الأدبي
650 1 7 _aالنقد الأدبي
650 1 7 _aتونس
942 _2ddc
_cBK
999 _c15620
_d15620